Manuel des baigneurs (Record no. 162999)

MARC details
000 -LEADER
campo de control de longitud fija 00938nam a2200217 i 4500
001 - NÚMERO DE CONTROL
campo de control 162999
003 - IDENTIFICADOR DE NÚMERO DE CONTROL
campo de control ES-MaACL
005 - FECHA Y HORA DE LA ÚLTIMA TRANSACCIÓN
campo de control 20250806050953.0
008 - DATOS DE LONGITUD FIJA--INFORMACIÓN GENERAL
campo de control de longitud fija 050706s1840 fr | |||||||| ||fre d
040 ## - FUENTE DE CATALOGACIÓN
Centro catalogador/agencia de origen CAM
Lengua de catalogación spa
Centro/agencia transcriptor CAM
100 1# - ENTRADA PRINCIPAL--NOMBRE DE PERSONA
Nombre de persona Raymond, V.
9 (RLIN) 131629
245 10 - MENCIÓN DEL TÍTULO
Título Manuel des baigneurs
Resto del título : précédé de l'histoire des bains ...; suivie d'un traité de la natation et d'une Statistique des établissements de bains et des eaux minérales ... /
Mención de responsabilidad, etc. par V. Raymond.
260 ## - PUBLICACIÓN, DISTRIBUCIÓN, ETC.
Lugar de publicación, distribución, etc. Paris :
Nombre del editor, distribuidor, etc. Desloges,
Fecha de publicación, distribución, etc. 1840 (
Fabricante Imprimerie de'A. René et c\pie\s)
300 ## - DESCRIPCIÓN FÍSICA
Extensión 4, 148 p. ;
Dimensiones 15 cm.
490 1# - MENCIÓN DE SERIE
Mención de serie Collection de manuels d'hygiène pour les gens du monde
650 #7 - PUNTO DE ACCESO ADICIONAL DE MATERIA--TÉRMINO DE MATERIA
Término de materia o nombre geográfico como elemento de entrada Aguas minerales
Fuente del encabezamiento o término embne
9 (RLIN) 135517
650 #4 - PUNTO DE ACCESO ADICIONAL DE MATERIA--TÉRMINO DE MATERIA
Término de materia o nombre geográfico como elemento de entrada Natación.
9 (RLIN) 136578
830 0# - PUNTO DE ACCESO ADICIONAL DE SERIE-TÍTULO UNIFORME
Título uniforme Collection de manuels d'hygiène pour les gens du monde
9 (RLIN) 222237
852 ## - LOCALIZACIÓN
Ubicación ES-MaACL
Número de control de estantería T-635-F-3
Nota libre -- Enc. hol.
-- -- Enc. en un vol. facticio
Holdings
Estatus retirado Estado de pérdida Estado de daño No para préstamo Colección Biblioteca de origen Biblioteca actual Ubicación en estantería Fecha de adquisición Total de préstamos Signatura topográfica completa Código de barras Visto por última vez Precio de reemplazo Tipo de ítem Koha
        Colección de folletos Biblioteca del Ateneo de Madrid Biblioteca del Ateneo de Madrid Depósito folletos 17/01/2008   T-635-F-3 1170780 23/02/2023 23/02/2023 Folleto